00728 2200229 4500001002100000005001500021035002000036008004100056020001800097082000800115084001400123100001800137245009100155250001000246260003600256300001700292500009300309650002100402990002500423990002500448990002500473INLIS00000000000005020260121114749 a0010-0623000050260121 g 1 ind  a9786023851935 a823 a823 RIO p0 aRiordan, Rick1 aPercy Jackson and The Olympians: The Lightning Thief 9 Pencuri Petir) /cRiordan, Rick aed. 1 aJakarta :bMizan Fantasi,c2017 a437 ;c20 cm aPercy Jackson and The Olympians: The Lightning Thief 9 Pencuri Petir) Karya Rick Riordan 4aFiksi Terjemahan a00050/H/SMAN2TS/2018 a01058/H/SMAN2TS/2023 a04927/H/SMAN2TS/2026